000 00271 a2200145 4500
001 172324
020 _a
040 _cMagnum
100 _aMálus
240 1 0 _aJoao, o feijao
_lpor
245 1 0 _aJoao, o feijao
362 0 _a1899
697 _aI/GERAL
942 _cBK
999 _c172324
_d172324